Το θεσμικό πλαίσιο προστασίας των αξιόλογων οικισμών και αστικών τοπίων στην Ελλάδα : η περίπτωση του οικισμού της Κάπης Λέσβου : μεταπτυχιακή διατριβή
Saved in:
| Main Author: | |
|---|---|
| Corporate Author: | |
| Other Authors: | |
| Format: | Thesis Book |
| Language: | Greek |
| Published: |
2012.
|
| Subjects: | |
| Online Access: | http://hdl.handle.net/11610/11332 |
| Tags: |
Add Tag
No Tags, Be the first to tag this record!
|
MARC
| LEADER | 00000cam a2200000 i 4500 | ||
|---|---|---|---|
| 001 | 1/54948 | ||
| 008 | 140905s2012 gre d | ||
| 035 | |l 10118926 | ||
| 040 | |a GR-MY-UA |b gre |e aacr | ||
| 041 | 0 | |a gre | |
| 082 | 0 | |a 711.4 |2 (22) | |
| 100 | 1 | |a Ράντου, Ευδοκία. | |
| 245 | 1 | 3 | |a Το θεσμικό πλαίσιο προστασίας των αξιόλογων οικισμών και αστικών τοπίων στην Ελλάδα : |b η περίπτωση του οικισμού της Κάπης Λέσβου : μεταπτυχιακή διατριβή / |c Ευδοκία Ράντου ; επιβλέπουσα: Θεανώ Σ. Τερκενλή. |
| 260 | |c 2012. | ||
| 300 | |a 125 σ. : |b εικ., πίν. ; |c 30 εκ. | ||
| 502 | |a Διατριβή (μεταπτυχιακή) - Πανεπιστήμιο Αιγαίου, Λέσβος, 2012. | ||
| 504 | |a Βιβλιογραφία: σ. 122-124, παράρτημα. | ||
| 650 | 0 | 0 | |a Rural development |z Greece |z Lesbos (Municipality) |
| 650 | 0 | 0 | |a Architecture, Domestic |z Greece |z Lesbos (Municipality) . |
| 650 | 0 | 0 | |a Cities and towns |z Greece |z Lesbos (Municipality) |
| 650 | 0 | 0 | |a Dissertations, Academic |z Greece. |
| 700 | 1 | |a Τερκενλή, Θεανώ Σ. |e dgsf | |
| 710 | 2 | |a Πανεπιστήμιο Αιγαίου |b Σχολή Κοινωνικών Επιστημών |b Τμήμα Γεωγραφίας |b Μεταπτυχιακό Πρόγραμμα Σπουδών Γεωγραφία και Εφαρμοσμένη Γεωπληροφορική. | |
| 852 | |a INST |b LESVOS |c DIATR |e 20140905 |h 175 |p 005100055534 |q 005100055534 |t MTXE |y 23 | ||
| 852 | |a INST |b LESVOS |c DIATR |e 20140905 |h 176 |p 005100055535 |q 005100055535 |t MTXE |y 23 | ||
| 856 | |u http://hdl.handle.net/11610/11332 | ||
| 901 | |a BIBL1-2014-3 | ||
| 909 | |a Λ |b 190546 | ||
| 909 | |a Λ |b 190547 | ||
| 924 | |a ΡΑΝΤΟΥ |b ΕΥΔΟΚΙΑ |y ΛΕΣΒΟΣ |z 2012-05 | ||
| 970 | |a ΤΖΑΦΕΡΗ |b ΕΥΑΓΓΕΛΙΑ |z 2014/09/04 | ||